[Event "Madrid San Viator op-A 29th"]
[Site "Madrid"]
[Date "2017.11.01"]
[Round "7"]
[White "Camarero Izquierdo, Juan Carlos"]
[Black "Monreal Bejarano, Luis Miguel"]
[Result "0-1"]
[WhiteElo "1843"]
[BlackElo "1883"]
[PlyCount "90"]
[EventDate "2017.09.17"]
[EventType "swiss"]
[EventRounds "9"]
[EventCountry "ESP"]
[SourceTitle "EXT 2019"]
[Source "ChessBase"]
[SourceDate "2018.10.10"]
[SourceVersion "1"]
[SourceVersionDate "2018.10.10"]
[SourceQuality "1"]

1. d4 d5 2. Nc3 c6 3. f3 Nf6 4. Qd3 Na6 5. Bg5 Qa5 6. Bxf6 exf6 7. e4 Be6 8. Nge2 Bd6 9. Qd2 0-0 10. Nf4 Bxf4 11. Qxf4 Nb4 12. Bd3 Nxd3+ 13. cxd3 Qb4 14. 0-0-0 Qxd4 15. Kb1 Rfd8 16. Qg3 a6 17. Ne2 Qa4 18. b3 Qb4 19. e5 fxe5 20. Qxe5 Re8 21. Qg5 a5 22. Nf4 a4 23. Nh5 Qc3 24. Qd2 Qe5 25. g4 axb3 26. d4 bxa2+ 27. Ka1 Qd6 28. Qg5 Qf8 29. Nf6+ Kh8 30. Nxe8 Rxe8 31. Qd2 Qa3 32. Qd3 Qb4 33. Rd2 b5 34. Rxa2 Qc4 35. Qd2 b4 36. Rc1 Qb5 37. Rc5 Qf1+ 38. Rc1 Qxf3 39. Qxb4 Bxg4 40. Re1 Be6 41. Qd2 Rb8 42. Re3 Qf1+ 43. Qe1 Qc4 44. Qc3 Bf5 45. Qb2 Qf1+ 0-1

[Event "Madrid San Viator op-A 29th"]
[Site "Madrid"]
[Date "2017.10.29"]
[Round "6"]
[White "Monreal Bejarano, Luis Miguel"]
[Black "Fernandez Estremera, Fernando"]
[Result "1/2-1/2"]
[WhiteElo "1883"]
[BlackElo "1721"]
[PlyCount "202"]
[EventDate "2017.09.17"]
[EventType "swiss"]
[EventRounds "9"]
[EventCountry "ESP"]
[SourceTitle "EXT 2019"]
[Source "ChessBase"]
[SourceDate "2018.10.10"]
[SourceVersion "1"]
[SourceVersionDate "2018.10.10"]
[SourceQuality "1"]

1. d4 Nf6 2. Nf3 d5 3. g3 c6 4. Bg2 Bf5 5. 0-0 e6 6. c4 Nbd7 7. cxd5 cxd5 8. Nc3 Be7 9. Bf4 Nh5 10. Bd2 0-0 11. Rc1 a6 12. Ne5 Nhf6 13. Nxd7 Qxd7 14. Na4 Rac8 15. Nb6 Rxc1 16. Qxc1 Qb5 17. Nc8 Re8 18. Nxe7+ Rxe7 19. Re1 Qb6 20. Bc3 h6 21. Qd2 Ne4 22. Bxe4 Bxe4 23. Ba5 Qa7 24. Qb4 b5 25. Rc1 f6 26. Rc6 e5 27. dxe5 fxe5 28. Bb6 Qb7 29. Qd6 d4 30. Rc7 Rxc7 31. Bxc7 d3 32. exd3 Bxd3 33. Qd8+ Kf7 34. Bxe5 Be4 35. Qh8 Kg6 36. Qe8+ Kh7 37. Qd8 Bh1 38. Qd3+ Be4 39. Qd2 Bh1 40. f4 Be4 41. a3 Qd5 42. Qxd5 Bxd5 43. Kf2 g6 44. Ke3 a5 45. Kd4 Bc4 46. Bc7 a4 47. Ke5 Kg7 48. g4 Be2 49. g5 hxg5 50. fxg5 Kf7 51. h4 Ke7 52. Bb6 Kf7 53. Bd4 Bd1 54. Kd6 Bf3 55. Bc3 Be2 56. Kc5 Ke6 57. Kc6 Kf7 58. Kd5 Bf3+ 59. Ke5 Bd1 60. Kf4 Be2 61. Ke3 Bg4 62. Kd2 Be6 63. Bb4 Bd5 64. Ke3 Bc4 65. Kf3 Be6 66. Be1 Bd7 67. Bf2 Be6 68. Bd4 Bd7 69. Bf6 Be6 70. Ke4 Bc4 71. Ke5 Be2 72. Kd6 Bc4 73. Bh8 Be2 74. Kc5 Bc4 75. Kb4 Kg8 76. Be5 Kf7 77. Kc3 Kg8 78. Kc2 Kf7 79. Kd2 Kg8 80. Ke3 Kf7 81. Kf2 Ke6 82. Bh8 Kf7 83. Bd4 Bd3 84. Kg3 Be2 85. Ba7 Bd1 86. Kf2 Bb3 87. Bb8 Kg8 88. Be5 Kf7 89. Bc3 Kg8 90. Kg3 Bd1 91. Kf4 Kf7 92. Bd4 Be2 93. Bh8 Bd1 94. Ke5 Be2 95. Bf6 Bc4 96. Bh8 Be2 97. Kd4 Bc4 98. Be5 Be2 99. Bg3 Bc4 100. Ke4 Be2 101. Be1 Bc4 1/2-1/2